000 00155nam a22000857a 4500
082 _aELD
100 _aEldonna L Evertts
245 _aCrossroads
942 _cBK
999 _c16998
_d16998